000 00294nam a2200133Ia 4500
008 260604s9999 xx 000 0 und d
020 _a9783791374178
082 _a808.3 KOL
100 _aPrestel Verlog
_935271
245 0 _aThe Book of Time
260 _bSHREE
500 _aCHL
942 _cBK
999 _c8035
_d8035